[Event "HUN Egyetemi op"]
[Site "Hungary"]
[Date "1995.??.??"]
[Round "8"]
[White "Bako, Viktor"]
[Black "Bene, Krisztian"]
[Result "1-0"]
[WhiteElo "2030"]
[BlackElo "2265"]
[PlyCount "99"]
[EventDate "1995.??.??"]
[EventType "swiss"]
[EventRounds "9"]
[EventCountry "HUN"]
[SourceTitle "EXT 2006"]
[Source "ChessBase"]
[SourceDate "2005.11.24"]
[SourceVersion "1"]
[SourceVersionDate "2005.11.24"]
[SourceQuality "1"]

1. d4 d5 2. Nf3 c5 3. c3 Nc6 4. Bf4 Nf6 5. e3 Qb6 6. Qc2 cxd4 7. exd4 Bf5 8. Qb3 Qxb3 9. axb3 Nh5 10. Be3 e6 11. Ne5 f6 12. Nxc6 bxc6 13. Be2 g6 14. Nd2 e5 15. g4 Ng7 16. gxf5 gxf5 17. dxe5 fxe5 18. Rxa7 Rxa7 19. Bxa7 Ne6 20. Bh5+ Kd7 21. Rg1 Nf4 22. Be2 Bh6 23. Bc5 Ne6 24. Ba3 e4 25. b4 Re8 26. Nb3 Bf8 27. Nd4 Nxd4 28. cxd4 Rb8 29. b5 Bxa3 30. bxc6+ Kxc6 31. bxa3 Rb1+ 32. Bd1 Kb5 33. Kd2 Rb2+ 34. Ke3 f4+ 35. Kxf4 Rxf2+ 36. Ke5 Kc4 37. h3 e3 38. Re1 Kd3 39. Kxd5 Rf5+ 40. Ke6 Ra5 41. d5 Rxa3 42. Bg4 h5 43. Bxh5 Kd4 44. Bg4 Kc5 45. d6 Rd3 46. Ke7 Kc6 47. d7 Kc7 48. d8Q+ Kb7 49. Qc8+ Kb6 50. Rb1+ 1-0